CALCIATORI CON PIÚ CHAMPIONS VINTE - Statistics

Statistiche generali
  • Questo quiz è stato fatto 81 volte
  • Il punteggio medio è 11 su 32
Statistiche sulle risposte
Risposta % Corretto
RONALDO
99%
MESSI
95%
MODRIC
78%
KROOS
75%
MALDINI
67%
BENZEMA
66%
RAMOS
66%
CARVAJAL
59%
BALE
58%
INIESTA
58%
CASEMIRO
53%
XAVI
51%
VARANE
40%
DI STEFANO
38%
PIQUE
36%
ISCO
32%
COSTACURTA
30%
SEEDORF
30%
NACHO
26%
VAZQUEZ
23%
KOVACIC
19%
ALABA
14%
GENTO
12%
RIAL
4%
ADELARPE
3%
JOSEITO
3%
LEE
3%
MARQUITOS
3%
MATEOS
3%
NEAL
3%
LEMES
1%
ZAGARRA
0%
Nessun quiz corrispondente trovato
Distribuzione punteggi
Percentuale di utenti per punteggio
Percentile per numero di risposta
I tuoi punteggi nel tempo
Non hai fatto questo quiz